Programon investement appraisal and management

Zapisane w:
Opis bibliograficzny
1. autor: GLENN P JENKINS
Format: Książka
Język:Undetermined
Wydane: Havard Havard Institute for International Development 1995
Hasła przedmiotowe:
Etykiety: Dodaj etykietę
Nie ma etykietki, Dołącz pierwszą etykiete!
Thư viện lưu trữ: Trung tâm Học liệu Trường Đại học Cần Thơ
LEADER 00532nam a2200169Ia 4500
001 CTU_48215
008 210402s9999 xx 000 0 und d
082 |a 658.15 
082 |b J52e 
100 |a GLENN P JENKINS 
245 0 |a Programon investement appraisal and management 
245 0 |c GLENN P JENKINS, Arnold C. Harberger 
260 |a Havard 
260 |b Havard Institute for International Development 
260 |c 1995 
650 |a financial institute - management 
980 |a Trung tâm Học liệu Trường Đại học Cần Thơ